Sports Quiz

Random Sports or WWE Quiz

NWo Members Quiz Stats

 Plays Quiz Updated Apr 11, 2019

Score 0/45 Timer 11:00
0 Plays Today
Member % Correct
Hollywood Hogan
97.9%
Kevin Nash
95.6%
Scott Hall
91.2%
Horace Hogan
83.7%
nWo Sting
83.4%
Sting
83.1%
The Giant
75.4%
Syxx
73%
Randy Savage
71.5%
Lex Luger
64.2%
Scott Steiner
64%
Eric Bischoff
60%
Buff Bagwell
58.6%
Bret Hart
55.3%
Ted DiBiase
52.8%
Booker T
51.5%
Konnan
50.8%
Scott Norton
45.5%
Shawn Michaels
45%
Vincent
43.5%
Jeff Jarrett
43.3%
Curt Hennig
41.8%
David Flair
41.7%
Member % Correct
Stevie Ray
41.4%
Miss Elizabeth
34.3%
Rick Rude
34.1%
Dusty Rhodes
31.2%
The Disciple
29.4%
The Great Muta
26.7%
Brian Adams
26.4%
Dennis Rodman
26%
Masahiro Chono
23.4%
Disco Inferno
22.8%
V.K. Wallstreet
21%
Nick Patrick
17.8%
Ron and Don Harris
17.6%
Big Bubba Rogers
17.1%
Samantha
14.9%
Hiroyoshi Tenzan
10.8%
Big Titan
6.6%
Hiro Saito
6.3%
Satoshi Kojima
6.2%
AKIRA
5.7%
Tatsutoshi Goto
5.2%
Michiyoshi Ohara
4.7%

You're not logged in!

Compare scores with friends on all Sporcle quizzes.
OR
Log In

Sporcle TV

Today on Sporcle TV


Watch our educational content, quiz creation guides, and fun videos on Sporcle TV.

Show Comments

Extras

Top Quizzes Today


Score Distribution

Your Account Isn't Verified!

In order to create a playlist on Sporcle, you need to verify the email address you used during registration. Go to your Sporcle Settings to finish the process.

Report this User

Report this user for behavior that violates our Community Guidelines.

Details: